Formula 1 Race Winners - Statistics

General Stats
  • This quiz has been taken 9,319 times
    429 since last reset
  • The average score is 64 of 116
Answer Stats
Wins Driver Country Years Active % Correct
105 Lewis Hamilton United Kingdom 2007-2026
99%
71 Max Verstappen Netherlands 2015-2026
99%
91 Michael Schumacher Germany 1991-2006, 2010-2012
98%
53 Sebastian Vettel Germany 2007-2022
98%
32 Fernando Alonso Spain 2001, 2003-2018, 2021-2026
97%
41 Ayrton Senna Brazil 1984-1994
96%
6 Ralf Schumacher Germany 1997-2007
96%
51 Alain Prost France 1980-1991, 1993
95%
11 Lando Norris United Kingdom 2019-2026
93%
5 Keke Rosberg Finland 1978-1986
92%
8 Charles Leclerc Monaco 2018-2026
91%
21 Kimi Räikkönen Finland 2001-2009, 2012-2021
91%
23 Nico Rosberg Germany 2006-2016
91%
25 Niki Lauda Austria 1971-1979, 1982-1985
91%
8 Daniel Ricciardo Australia 2011-2024
89%
24 Juan Manuel Fangio Argentina 1950-1951, 1953-1958
89%
9 Oscar Piastri Australia 2023-2026
89%
6 Sergio Pérez Mexico 2011-2024, 2026
89%
15 Jenson Button United Kingdom 2000-2017
88%
20 Mika Häkkinen Finland 1991-2001
88%
1 Pierre Gasly France 2017-2026
88%
10 Valtteri Bottas Finland 2013-2024, 2026
88%
1 Esteban Ocon France 2016-2018, 2020-2026
87%
22 Damon Hill United Kingdom 1992-1999
86%
14 Graham Hill United Kingdom 1958-1975
86%
3 Phil Hill United States 1958-1964, 1966
86%
4 Carlos Sainz, Jr. Spain 2015-2026
85%
11 Jacques Villeneuve Canada 1996-2006
85%
23 Nelson Piquet Brazil 1978-1991
85%
6 George Russell United Kingdom 2019-2026
84%
6 Gilles Villeneuve Canada 1977-1982
84%
4 Kimi Antonelli Italy 2025-2026
83%
9 Mark Webber Australia 2002-2013
83%
31 Nigel Mansell United Kingdom 1980-1992, 1994-1995
83%
1 Jochen Mass Germany 1973-1980, 1982
81%
11 Felipe Massa Brazil 2002, 2004-2017
79%
27 Jackie Stewart United Kingdom 1965-1973
78%
7 Juan Pablo Montoya Colombia 2001-2006
77%
12 Mario Andretti United States 1968-1972, 1974-1982
77%
11 Rubens Barrichello Brazil 1993-2011
77%
14 Emerson Fittipaldi Brazil 1970-1980
76%
13 Alberto Ascari Italy 1950-1955
74%
14 Jack Brabham Australia 1955-1970
74%
10 James Hunt United Kingdom 1973-1979
74%
1 Robert Kubica Poland 2006-2010, 2019, 2021
73%
25 Jim Clark United Kingdom 1960-1968
72%
10 Jody Scheckter South Africa 1972-1980
71%
13 David Coulthard United Kingdom 1994-2008
70%
12 Alan Jones Australia 1975-1981, 1983, 1985-1986
69%
5 Giuseppe Farina Italy 1950-1956
68%
1 Pastor Maldonado Venezuela 2011-2015
68%
10 Gerhard Berger Austria 1984-1997
66%
16 Stirling Moss United Kingdom 1951-1961
65%
8 Jacky Ickx Belgium 1966-1979
63%
6 Jochen Rindt Austria 1964-1970
62%
8 Denny Hulme New Zealand 1965-1974
61%
1 Heikki Kovalainen Finland 2007-2013
61%
3 Giancarlo Fisichella Italy 1996-2009
60%
4 Bruce McLaren New Zealand 1958-1970
59%
1 Jarno Trulli Italy 1997-2011
56%
3 Mike Hawthorn United Kingdom 1952-1958
56%
6 John Surtees United Kingdom 1960-1972
55%
10 Ronnie Peterson Sweden 1970-1978
55%
12 Carlos Reutemann Argentina 1972-1982
54%
3 Heinz-Harald Frentzen Germany 1994-2003
52%
4 Eddie Irvine United Kingdom 1993-2002
50%
5 Clay Regazzoni Switzerland 1970-1980
48%
1 Jean Alesi France 1989-2001
47%
6 Riccardo Patrese Italy 1977-1993
45%
1 Olivier Panis France 1994-1999, 2001-2004
43%
7 René Arnoux France 1978-1989
42%
2 Pedro Rodríguez Mexico 1963-1971
38%
2 Wolfgang von Trips Germany 1956-1961
38%
5 Michele Alboreto Italy 1981-1994
37%
3 Didier Pironi France 1978-1982
36%
3 Johnny Herbert United Kingdom 1989-2000
36%
2 José Froilán González Argentina 1950-1957, 1960
35%
6 Jacques Laffite France 1974-1986
33%
5 John Watson United Kingdom 1973-1983, 1985
33%
3 Thierry Boutsen Belgium 1983-1993
33%
1 Alessandro Nannini Italy 1986-1990
31%
1 Carlos Pace Brazil 1972-1977
29%
2 Elio de Angelis Italy 1979-1986
29%
1 François Cevert France 1970-1973
28%
2 Jean-Pierre Jabouille France 1974-1975, 1977-1981
28%
3 Peter Collins United Kingdom 1952-1958
27%
4 Dan Gurney United States 1959-1968, 1970
26%
6 Tony Brooks United Kingdom 1956-1961
26%
1 Luigi Fagioli Italy 1950-1951
25%
2 Maurice Trintignant France 1950-1964
23%
2 Patrick Tambay France 1977-1979, 1981-1986
23%
2 Jo Siffert Switzerland 1962-1971
22%
1 Luigi Musso Italy 1953-1958
22%
1 Vittorio Brambilla Italy 1974-1980
22%
1 Innes Ireland United Kingdom 1959-1966
21%
2 Patrick Depailler France 1972, 1974-1980
21%
1 Gunnar Nilsson Sweden 1976-1977
20%
1 Lorenzo Bandini Italy 1961-1967
20%
1 Joakim Bonnier Sweden 1956-1971
19%
1 Richie Ginther United States 1960-1967
19%
2 Bill Vukovich United States 1950-1955
18%
1 Giancarlo Baghetti Italy 1961-1967
18%
2 Peter Revson United States 1964, 1971-1974
18%
1 Piero Taruffi Italy 1950-1956
18%
1 Ludovico Scarfiotti Italy 1963-1968
17%
1 Jean-Pierre Beltoise France 1967-1974
16%
1 Peter Gethin United Kingdom 1970-1974
14%
1 Troy Ruttman United States 1950-1958, 1960
14%
1 Johnnie Parsons United States 1950-1958
13%
1 Rodger Ward United States 1951-1960, 1963
12%
1 Bob Sweikert United States 1950-1956
11%
1 Lee Wallard United States 1950-1951, 1954
11%
1 Jimmy Bryan United States 1951-1960
10%
1 Jim Rathmann United States 1950, 1952-1960
10%
1 Pat Flaherty United States 1950, 1953-1956, 1959
10%
1 Sam Hanks United States 1950-1957
10%
No matching quizzes found
Score Distribution
Percent of People with Each Score
Percentile by Number Answered
Your Score History
You have not taken this quiz since the last reset